Price behavior of Austrian exporting industry
Salvato in:
| Autore principale: | |
|---|---|
| Natura: | Libro |
| Lingua: | inglese |
| Pubblicazione: |
Wien
Institut für Höhere Studien
1984
|
| Serie: | Forschungsbericht/Research Memorandum
No. 206 |
| Tags: |
Nessun Tag, puoi essere il primo ad aggiungerne!!
|
MARC
| LEADER | 00000nam a2200000 4500 | ||
|---|---|---|---|
| 001 | c106738 | ||
| 005 | 20250512100908.3 | ||
| 041 | 0 | |a eng | |
| 044 | |a AT | ||
| 245 | 1 | 0 | |a Price behavior of Austrian exporting industry |c Dalia Marin |
| 264 | 1 | |a Wien |b Institut für Höhere Studien |c 1984 | |
| 300 | |a 18 s. | ||
| 490 | 1 | |a Forschungsbericht/Research Memorandum |v No. 206 | |
| 830 | 0 | |a Forschungsbericht/Research Memorandum |v No. 206 | |
| 100 | 1 | |a Marin, Dalia | |